Dictionary of economics / (Record no. 124457)

MARC details
000 -LEADER
fixed length control field 00602nam a22002057a 4500
005 - DATE AND TIME OF LATEST TRANSACTION
control field 20170124105939.0
010 ## - LIBRARY OF CONGRESS CONTROL NUMBER
LC control number B-219691
020 ## - INTERNATIONAL STANDARD BOOK NUMBER
Terms of availability 00.00
International Standard Book Number 8174453199
035 ## - SYSTEM CONTROL NUMBER
System control number B-219691
037 ## - SOURCE OF ACQUISITION
Source of stock number/acquisition Cen Lib/Ret
040 ## - CATALOGING SOURCE
Original cataloging agency DPL
Language of cataloging EN
082 ## - DEWEY DECIMAL CLASSIFICATION NUMBER
Classification number 330.03
Item number MAH
100 ## - MAIN ENTRY--PERSONAL NAME
Personal name Mahajan,Manoj
9 (RLIN) 3255
245 ## - TITLE STATEMENT
Title Dictionary of economics /
Statement of responsibility, etc by Manoj Mahajan
260 ## - PUBLICATION, DISTRIBUTION, ETC. (IMPRINT)
Place of publication, distribution, etc New Delhi
Name of publisher, distributor, etc Mohit Publications
Date of publication, distribution, etc 2005
270 ## - ADDRESS
Address 4675/21,Ansari Road Darya Ganj
City New Delhi
Postal code 110002
300 ## - PHYSICAL DESCRIPTION
Extent 268p.
Dimensions 21cm(Hb)
650 ## - SUBJECT ADDED ENTRY--TOPICAL TERM
Topical term or geographic name as entry element Economics--Dictionaries
9 (RLIN) 73881
942 ## - ADDED ENTRY ELEMENTS (KOHA)
Source of classification or shelving scheme Dewey Decimal Classification
Koha item type English Books
Classification part 330.03
Call number suffix MAH
Holdings
Withdrawn status Lost status Damaged status Not for loan Home library Current library Date acquired Source of acquisition Cost, normal purchase price Total Checkouts Full call number Barcode Date last seen Date checked out Copy number Cost, replacement price Price effective from Koha item type
        Central Library Central Library 16/06/2015 Cen Lib/Ret 0.00 4 330.03 MAH B-219691 10/04/2026 07/04/2026 1 0.00 16/06/2015 English Books

© Delhi Public Library
Hit Counter
free hit counter